000
00314nam a2200121Ia 4500
008
191201s2007 xx 000 0 und d
100
_a
Kamthane, Ashok N
245
0
_a
Programming with Ansia and turbo C
260
_a
N.Delhi
_b
Pearson Education
_c
2007
300
_a
594
650
_a
B.Tech(IT)
942
_2
ddc
_c
BK
_0
2
999
_c
3033
_d
3033